| 000 | 00660nam a22002177a 4500 | ||
|---|---|---|---|
| 005 | 20170124110206.0 | ||
| 010 | _aB-009573 | ||
| 020 |
_c00.00 _a8122411746 |
||
| 035 | _aB-009573 | ||
| 037 | _bCen Lib/Ret | ||
| 040 |
_aDPL _bEN |
||
| 082 |
_a005.13 _bXAV |
||
| 100 |
_aXavier, C. _932892 |
||
| 245 |
_aC Languageand numerical methods / _cby C.Xavier |
||
| 260 |
_aNew Delhi _bNew Age International Publishers |
||
| 270 |
_a4835/24, Ansari Road Darya Ganj _bNew Delhi _e110002 |
||
| 300 |
_a551p. _c21cm(Hb) |
||
| 650 |
_aC (Computer program language) _937357 |
||
| 650 |
_aNumerical Methods _937358 |
||
| 942 |
_2ddc _cEN _h005.13 _mXAV |
||
| 999 |
_c133253 _d133253 |
||